• 首页
  • 本馆介绍
  • 公告通知
  • 最新文献
  • 馆藏检索
  • 电子资源
  • 读者导购
  • 参考咨询
  • 我的图书馆
  • 登录
  • 详细信息显示
  • 放入我的书架
  • 预约/预借图书
  • 作者相关作品
  • 分类相关作品
  • 丛书相关作品
  • 出版社相关作品

书目信息

  • 表格格式
  • 工作单格式
  • 卡片格式
题名:
人机大战与网络象棋
    
 
作者: 黄少龙 , 徐心和 , 杜彬 编著
分册:  
出版信息: 北京   金盾出版社  2009
页数: 240页
开本: 21cm
丛书名:
单 册:
中图分类: G891.2-39 , TP39
科图分类:
主题词: 计算机应用--中国象棋 , 计算机应用 , 中国象棋
电子资源:
ISBN: 978-7-5082-4606-2
000 00972nam0 2200277 45
005 20100303144054.01
010    @a978-7-5082-4606-2@dCNY14.00
100    @a20100120e2009 em y0chiy50 ea
101 0  @achi
102    @aCN@b110000
105    @ay z 000yy
106    @ar
200 1  @a人机大战与网络象棋@ARen Ji Da Zhan Yu Wang Luo Xiang Qi@f黄少龙,徐心和,杜彬编著@FHuang Shao Long, Xu Xin He, Du Bin Bian Zhu
210    @a北京@c金盾出版社@d2009
215    @a240页@d21cm
330    @a本书系统介绍了弈棋机发展历史、电脑棋力、网络象棋等相关知识,重点介绍如何与计算机下棋和进行网络对局,并精选103局棋例和160幅图(含弈棋树)进行评析说明。
606 0  @a计算机应用@x中国象棋
606 0  @a计算机应用
606 0  @a中国象棋
690    @aG891.2-39@v4
690    @aTP39@v4
701  0 @a黄少龙@AHuang Shao Long@4编著
701  0 @a徐心和@AXu Xin He@4著编
701  0 @a杜彬@ADu Bin@4编著
801  0 @aCN@bTANGWEI@c20100303
905    @b0584021-25@dG891.2-39@e280@f5
    
    人机大战与网络象棋/黄少龙,徐心和,杜彬编著.-北京:金盾出版社,2009
    240页;21cm
    
    
    ISBN 978-7-5082-4606-2:CNY14.00
    本书系统介绍了弈棋机发展历史、电脑棋力、网络象棋等相关知识,重点介绍如何与计算机下棋和进行网络对局,并精选103局棋例和160幅图(含弈棋树)进行评析说明。
●
相关链接 在E读中查询图书 在五车中查询图书 在当当中查询图书 在豆瓣中查询图书


正题名:人机大战与网络象棋     索取号:G891.2-39/280         预约/预借

序号 登录号 条形码 馆藏地/架位号 状态 备注
1 0584021   205840214   第一样本阅览室/ [索取号:G891.2-39/280] 在馆    
2 0584022   205840223   第四借阅区/ [索取号:G891.2-39/280] 在馆    
3 0584023   205840232   第四借阅区/ [索取号:G891.2-39/280] 在馆    
4 0584024   205840241   第四借阅区/ [索取号:G891.2-39/280] 在馆    
5 0584025   205840250   第四借阅区/ [索取号:G891.2-39/280] 在馆    
唐山师范学院图书馆 欢迎您!
大连网信软件有限公司© 版权所有